Best Players to Ever Wear a Cavaliers Jersey - Statistics

General Stats
  • This quiz has been taken 4 times
  • The average score is 5 of 20
Answer Stats
Hint Answer % Correct
1. LeBron James
75%
2. Shaquille O'Neal
75%
9. Kevin Love
50%
7. Kyrie Irving
50%
5. Ben Wallace
25%
17. Brad Daugherty
25%
18. Carlos Boozer
25%
15. Deron Williams
25%
13. Donovan Mitchell
25%
4. Dwyane Wade
25%
20. Isaiah Thomas
25%
3. James Harden
25%
12. Rajon Rondo
25%
10. Shawn Kemp
25%
6. Walt Frazier
25%
11. Derrick Rose
0%
16. Larry Nance
0%
19. Lenny Wilkens
0%
14. Mark Price
0%
8. Nate Thurmond
0%
No matching quizzes found
Score Distribution
Percent of People with Each Score
Percentile by Number Answered
Your Score History
You have not taken this quiz